000 00293nam a22001337a 4500
008 171124b xxu||||| |||| 00| 0 eng d
020 _a9781566632584
041 _aeng
080 _a32
100 _a19
101 _aPOL
245 _aTHE BETRAYAL OF LIBERALISM
_cKRAMER,H
942 _2udc
_cBK
999 _c38484
_d38484